000 00689nam a22002657a 4500
999 _c7311
_d7311
001 7311
003 BD-JhCC
005 20180207182517.0
008 890214s1962 enk 000 0 eng d
035 _a(BD-JhCC)7311
035 _a663407
040 _aANL
_cANL
_dABN-SNR
_dBD-JhCC
041 _aeng
082 0 4 _a535
_bMCK 1962
100 1 _aMcKay, Herbert Couchman,
245 1 4 _aThe tricks of light and colour /
_cby Herbert Mckay.
260 _aLondon :
_bOxford University Press,
_c1962.
300 _a198 p. :
_billus.;
_c19 cm.
490 0 _aNew playbooks of science
650 0 _aLight.
650 0 _aOptics.
650 0 _aColor.
942 _2ddc
_cBK